<?xml version="1.0" encoding="UTF-8"?>
<record
    xmlns:xsi="http://www.w3.org/2001/XMLSchema-instance"
    xsi:schemaLocation="http://www.loc.gov/MARC21/slim http://www.loc.gov/standards/marcxml/schema/MARC21slim.xsd"
    xmlns="http://www.loc.gov/MARC21/slim">

  <leader>02512nam0a2200409   4500</leader>
  <controlfield tag="001">RU\NLR\BIBL_A\012742540</controlfield>
  <controlfield tag="005">20260408131815.0</controlfield>
  <datafield tag="020" ind1=" " ind2=" ">
    <subfield code="a">RU</subfield>
    <subfield code="9">&#x421;&#x432;&#x43E;&#x434;&#x43D;&#x44B;&#x439; &#x43A;&#x430;&#x442;&#x430;&#x43B;&#x43E;&#x433; &#x43B;&#x438;&#x441;&#x442;&#x43E;&#x432;&#x43E;&#x43A; &#x43F;&#x435;&#x440;&#x432;&#x44B;&#x445; &#x43B;&#x435;&#x442; &#x421;&#x43E;&#x432;&#x435;&#x442;&#x441;&#x43A;&#x43E;&#x439; &#x432;&#x43B;&#x430;&#x441;&#x442;&#x438; (25 &#x43E;&#x43A;&#x442;&#x44F;&#x431;&#x440;&#x44F; (7 &#x43D;&#x43E;&#x44F;&#x431;&#x440;&#x44F;) 1917 - 1925)</subfield>
  </datafield>
  <datafield tag="035" ind1=" " ind2=" ">
    <subfield code="a">(NLR Aleph) 012742540</subfield>
  </datafield>
  <datafield tag="090" ind1=" " ind2=" ">
    <subfield code="a">13007001</subfield>
    <subfield code="c">13007001</subfield>
  </datafield>
  <datafield tag="100" ind1=" " ind2=" ">
    <subfield code="a">20220328d1920    |||y0rusy50      ca</subfield>
  </datafield>
  <datafield tag="101" ind1="0" ind2=" ">
    <subfield code="a">rus</subfield>
  </datafield>
  <datafield tag="102" ind1=" " ind2=" ">
    <subfield code="a">RU</subfield>
  </datafield>
  <datafield tag="105" ind1=" " ind2=" ">
    <subfield code="a">y   z   000zy</subfield>
  </datafield>
  <datafield tag="135" ind1=" " ind2=" ">
    <subfield code="a">crcn 024apada</subfield>
  </datafield>
  <datafield tag="200" ind1="1" ind2=" ">
    <subfield code="a">&#x41E;&#x431;&#x44A;&#x44F;&#x432;&#x43B;&#x435;&#x43D;&#x438;&#x435;. &#x41F;&#x435;&#x440;&#x435;&#x434;&#x430;&#x435;&#x442;&#x441;&#x44F; &#x41F;&#x440;&#x438;&#x43A;&#x430;&#x437; &#x422;&#x443;&#x440;&#x43A;&#x444;&#x440;&#x43E;&#x43D;&#x442;&#x430; &#x43E;&#x442; 28 &#x43E;&#x43A;&#x442;&#x44F;&#x431;&#x440;&#x44F; 1920 &#x433;. &#x2116; 594: [&#x41E; &#x442;&#x440;&#x435;&#x431;&#x43E;&#x432;&#x430;&#x43D;&#x438;&#x438; &#x43E;&#x442; &#x43B;&#x438;&#x446;, &#x43F;&#x43E;&#x441;&#x442;&#x443;&#x43F;&#x430;&#x44E;&#x449;&#x438;&#x445; &#x43D;&#x430; &#x440;&#x430;&#x431;&#x43E;&#x442;&#x443;, &#x434;&#x43E;&#x43A;&#x443;&#x43C;&#x435;&#x43D;&#x442;&#x43E;&#x432; &#x43E;&#x431; &#x43E;&#x442;&#x43D;&#x43E;&#x448;&#x435;&#x43D;&#x438;&#x438; &#x43A; &#x432;&#x43E;&#x438;&#x43D;&#x441;&#x43A;&#x43E;&#x439; &#x43F;&#x43E;&#x432;&#x438;&#x43D;&#x43D;&#x43E;&#x441;&#x442;&#x438;</subfield>
    <subfield code="e">&#x43B;&#x438;&#x441;&#x442;&#x43E;&#x432;&#x43A;&#x430;]</subfield>
  </datafield>
  <datafield tag="210" ind1=" " ind2=" ">
    <subfield code="a">&#x410;&#x43D;&#x434;&#x438;&#x436;&#x430;&#x43D;</subfield>
    <subfield code="c">&#x422;&#x438;&#x43F;. &#x421;&#x41D;&#x425;</subfield>
    <subfield code="d">[1920, &#x43E;&#x43A;&#x442;.-&#x43D;&#x43E;&#x44F;&#x431;.]</subfield>
  </datafield>
  <datafield tag="215" ind1=" " ind2=" ">
    <subfield code="a">1 &#x441;.</subfield>
    <subfield code="d">19x15</subfield>
  </datafield>
  <datafield tag="300" ind1=" " ind2=" ">
    <subfield code="a">&#x41F;&#x43E;&#x434;&#x43F;&#x438;&#x441;&#x438;: &#x43F;&#x440;&#x435;&#x434;&#x43A;&#x43E;&#x43C;&#x434;&#x435;&#x437;&#x435;&#x440;&#x442;&#x438;&#x440; &#x421;&#x443;&#x434;&#x430;&#x43A;&#x43E;&#x432;; &#x437;&#x430;&#x43C;&#x43F;&#x440;&#x435;&#x434;&#x43A;&#x43E;&#x43C;&#x434;&#x435;&#x437;&#x435;&#x440;&#x442;&#x438;&#x440; &#x412;&#x43D;&#x443;&#x447;&#x43A;&#x43E;&#x432;; &#x441;&#x435;&#x43A;&#x440;&#x435;&#x442;&#x430;&#x440;&#x44C; &#x41C;&#x438;&#x43D;&#x43A;&#x438;&#x43D;</subfield>
  </datafield>
  <datafield tag="325" ind1="1" ind2=" ">
    <subfield code="a">&#x41A;&#x43E;&#x43F;&#x438;&#x44F; &#x434;&#x43E;&#x441;&#x442;&#x443;&#x43F;&#x43D;&#x430; &#x432; &#x42D;&#x43B;&#x435;&#x43A;&#x442;&#x440;&#x43E;&#x43D;&#x43D;&#x43E;&#x439; &#x431;&#x438;&#x431;&#x43B;&#x438;&#x43E;&#x442;&#x435;&#x43A;&#x435; &#x420;&#x41D;&#x411;</subfield>
  </datafield>
  <datafield tag="517" ind1="1" ind2=" ">
    <subfield code="a">&#x41E; &#x442;&#x440;&#x435;&#x431;&#x43E;&#x432;&#x430;&#x43D;&#x438;&#x438; &#x43E;&#x442; &#x43B;&#x438;&#x446;, &#x43F;&#x43E;&#x441;&#x442;&#x443;&#x43F;&#x430;&#x44E;&#x449;&#x438;&#x445; &#x43D;&#x430; &#x440;&#x430;&#x431;&#x43E;&#x442;&#x443;, &#x434;&#x43E;&#x43A;&#x443;&#x43C;&#x435;&#x43D;&#x442;&#x43E;&#x432; &#x43E;&#x431; &#x43E;&#x442;&#x43D;&#x43E;&#x448;&#x435;&#x43D;&#x438;&#x438; &#x43A; &#x432;&#x43E;&#x438;&#x43D;&#x441;&#x43A;&#x43E;&#x439; &#x43F;&#x43E;&#x432;&#x438;&#x43D;&#x43D;&#x43E;&#x441;&#x442;&#x438;</subfield>
  </datafield>
  <datafield tag="607" ind1=" " ind2=" ">
    <subfield code="a">&#x422;&#x443;&#x440;&#x43A;&#x435;&#x441;&#x442;&#x430;&#x43D;</subfield>
    <subfield code="j">&#x41B;&#x438;&#x441;&#x442;&#x43E;&#x432;&#x43A;&#x438;</subfield>
    <subfield code="x">&#x418;&#x441;&#x442;&#x43E;&#x440;&#x438;&#x44F;</subfield>
    <subfield code="z">1917 - 1920</subfield>
    <subfield code="9">921541</subfield>
    <subfield code="3">RU\NLR\AUTH\66337948</subfield>
  </datafield>
  <datafield tag="686" ind1="0" ind2=" ">
    <subfield code="a">&#x422;3(2&#x423;)712-313,011</subfield>
  </datafield>
  <datafield tag="702" ind1=" " ind2="1">
    <subfield code="a">&#x421;&#x443;&#x434;&#x430;&#x43A;&#x43E;&#x432;</subfield>
    <subfield code="c">&#x443;&#x447;&#x430;&#x441;&#x442;&#x43D;&#x438;&#x43A; &#x43C;&#x435;&#x441;&#x442;&#x43D;&#x43E;&#x433;&#x43E; &#x441;&#x430;&#x43C;&#x43E;&#x443;&#x43F;&#x440;&#x430;&#x432;&#x43B;&#x435;&#x43D;&#x438;&#x44F;, &#x433;. &#x410;&#x43D;&#x434;&#x438;&#x436;&#x430;&#x43D;</subfield>
    <subfield code="4">720</subfield>
  </datafield>
  <datafield tag="702" ind1=" " ind2="1">
    <subfield code="a">&#x412;&#x43D;&#x443;&#x447;&#x43A;&#x43E;&#x432;</subfield>
    <subfield code="c">&#x443;&#x447;&#x430;&#x441;&#x442;&#x43D;&#x438;&#x43A; &#x43C;&#x435;&#x441;&#x442;&#x43D;&#x43E;&#x433;&#x43E; &#x441;&#x430;&#x43C;&#x43E;&#x443;&#x43F;&#x440;&#x430;&#x432;&#x43B;&#x435;&#x43D;&#x438;&#x44F;, &#x433;. &#x410;&#x43D;&#x434;&#x438;&#x436;&#x430;&#x43D;</subfield>
    <subfield code="4">720</subfield>
  </datafield>
  <datafield tag="702" ind1=" " ind2="1">
    <subfield code="a">&#x41C;&#x438;&#x43D;&#x43A;&#x438;&#x43D;</subfield>
    <subfield code="c">&#x443;&#x447;&#x430;&#x441;&#x442;&#x43D;&#x438;&#x43A; &#x43C;&#x435;&#x441;&#x442;&#x43D;&#x43E;&#x433;&#x43E; &#x441;&#x430;&#x43C;&#x43E;&#x443;&#x43F;&#x440;&#x430;&#x432;&#x43B;&#x435;&#x43D;&#x438;&#x44F;, &#x433;. &#x410;&#x43D;&#x434;&#x438;&#x436;&#x430;&#x43D;</subfield>
    <subfield code="4">720</subfield>
  </datafield>
  <datafield tag="710" ind1="0" ind2="2">
    <subfield code="a">&#x422;&#x443;&#x440;&#x43A;&#x435;&#x441;&#x442;&#x430;&#x43D;&#x441;&#x43A;&#x438;&#x439; &#x444;&#x440;&#x43E;&#x43D;&#x442;</subfield>
    <subfield code="c">1918-1926</subfield>
    <subfield code="3">RU\NLR\AUTH\880561680</subfield>
    <subfield code="9">790547</subfield>
  </datafield>
  <datafield tag="711" ind1="0" ind2="2">
    <subfield code="a">&#x410;&#x43D;&#x434;&#x438;&#x436;&#x430;&#x43D;&#x441;&#x43A;&#x430;&#x44F; &#x443;&#x435;&#x437;&#x434;&#x43D;&#x430;&#x44F; &#x43A;&#x43E;&#x43C;&#x438;&#x441;&#x441;&#x438;&#x44F; &#x43F;&#x43E; &#x431;&#x43E;&#x440;&#x44C;&#x431;&#x435; &#x441; &#x434;&#x435;&#x437;&#x435;&#x440;&#x442;&#x438;&#x440;&#x441;&#x442;&#x432;&#x43E;&#x43C;</subfield>
    <subfield code="9">655299</subfield>
    <subfield code="3">RU\NLR\AUTH\880497741</subfield>
  </datafield>
  <datafield tag="852" ind1="0" ind2="0">
    <subfield code="a">NLR</subfield>
    <subfield code="b">&#x424;&#x41B;</subfield>
    <subfield code="j">58/110</subfield>
  </datafield>
  <datafield tag="942" ind1=" " ind2=" ">
    <subfield code="c">BOOK</subfield>
  </datafield>
  <datafield tag="980" ind1=" " ind2=" ">
    <subfield code="a">NB</subfield>
  </datafield>
  <datafield tag="981" ind1="2" ind2="1">
    <subfield code="a">(21) &#x41B;&#x438;&#x441;&#x442;&#x43E;&#x432;&#x43A;&#x438;</subfield>
    <subfield code="b">(21) &#x41B;&#x438;&#x441;&#x442;&#x43E;&#x432;&#x43A;&#x438; 1920 &#x433;&#x43E;&#x434;&#x430;</subfield>
  </datafield>
</record>
